[Event "Recife Arraes Memorial 10th"]
[Site "Recife"]
[Date "2017.10.08"]
[Round "6"]
[White "Do Nascimento, Christian Almeida"]
[Black "Ferreira, Ivanilson Silva"]
[Result "1-0"]
[WhiteElo "2019"]
[BlackElo "1845"]
[PlyCount "79"]
[EventDate "2017.10.06"]
[EventType "swiss"]
[EventRounds "6"]
[EventCountry "BRA"]
[SourceTitle "CBM 181 Extra"]
[Source "ChessBase"]
[SourceDate "2017.12.12"]
[SourceVersion "1"]
[SourceVersionDate "2017.12.12"]
[SourceQuality "1"]

1. d4 Nf6 2. Nf3 g6 3. Bf4 Bg7 4. e3 0-0 5. Nbd2 d6 6. Be2 b6 7. 0-0 Bb7 8. Re1 Nbd7 9. h3 Rc8 10. a4 a5 11. c3 c5 12. Bb5 Nd5 13. Bg5 Nc7 14. Bd3 Ne6 15. Bh4 d5 16. Rc1 c4 17. Bc2 f5 18. b3 h6 19. bxc4 dxc4 20. Qe2 Ba6 21. Bb1 Rf7 22. Ba2 Qc7 23. Bg3 Qc6 24. Qd1 Ng5 25. Bb1 Bb7 26. e4 e6 27. Nxg5 hxg5 28. f3 f4 29. Bf2 Bf8 30. e5 Ba3 31. Be4 Qc7 32. Rb1 Bxe4 33. Nxe4 Qc6 34. Nxg5 Rf5 35. Ne4 Kg7 36. Bh4 Kf7 37. Qc2 Rb8 38. Red1 Qd5 39. Rb5 Qa8 40. d5 1-0

[Event "Recife Arraes Memorial 10th"]
[Site "Recife"]
[Date "2017.10.07"]
[Round "3"]
[White "Ferreira, Ivanilson Silva"]
[Black "Macedo, Alexandre Soares"]
[Result "0-1"]
[WhiteElo "1845"]
[BlackElo "1861"]
[PlyCount "56"]
[EventDate "2017.10.06"]
[EventType "swiss"]
[EventRounds "6"]
[EventCountry "BRA"]
[SourceTitle "CBM 181 Extra"]
[Source "ChessBase"]
[SourceDate "2017.12.12"]
[SourceVersion "1"]
[SourceVersionDate "2017.12.12"]
[SourceQuality "1"]

1. e4 c6 2. Nc3 d5 3. Nf3 dxe4 4. Nxe4 Nf6 5. Ng3 g6 6. d4 Bg7 7. Bd3 0-0 8. Bg5 Bg4 9. c3 Re8 10. 0-0 Nbd7 11. h3 Bxf3 12. Qxf3 Qb6 13. b3 e5 14. Rad1 exd4 15. cxd4 Qa5 16. Bxf6 Nxf6 17. a4 Rad8 18. Bc4 b5 19. axb5 cxb5 20. Be2 Nd5 21. Ne4 f5 22. Ng3 Qb4 23. Rd3 f4 24. Ne4 Qe7 25. Nc3 Nxc3 26. Rxc3 Qxe2 27. Qxf4 Rxd4 28. Qg5 Qxf1+ 0-1

[Event "Recife op 4th"]
[Site "Recife"]
[Date "2017.04.23"]
[Round "6"]
[White "Almeida Silva, Emiliano Piskator"]
[Black "Ferreira, Ivanilson Silva"]
[Result "1/2-1/2"]
[WhiteElo "1798"]
[BlackElo "1856"]
[PlyCount "64"]
[EventDate "2017.04.20"]
[EventType "swiss"]
[EventRounds "6"]
[EventCountry "BRA"]
[SourceTitle "EXT 2018"]
[Source "ChessBase"]
[SourceDate "2017.10.13"]
[SourceVersion "1"]
[SourceVersionDate "2017.10.13"]
[SourceQuality "1"]

1. e4 e6 2. d3 d5 3. Nd2 c5 4. Ngf3 Nc6 5. g3 Qc7 6. Bg2 Nf6 7. 0-0 Bd6 8. exd5 Nxd5 9. Nc4 Be7 10. Re1 0-0 11. h4 h6 12. Nce5 Nxe5 13. Nxe5 Bf6 14. Ng4 Be7 15. Nxh6+ Kh7 16. Nxf7 Rxf7 17. Be4+ Kg8 18. Bg5 Nf6 19. Bg6 Rf8 20. Bxf6 Rxf6 21. Qh5 Rxg6 22. Qxg6 Bd7 23. f4 Bf6 24. h5 Bxb2 25. Rab1 Bd4+ 26. Kh2 b6 27. h6 Rf8 28. Re4 Bc8 29. f5 exf5 30. Re8 Rxe8 31. h7+ Kh8 32. Qxe8+ Kxh7 1/2-1/2

[Event "Recife op 4th"]
[Site "Recife"]
[Date "2017.04.22"]
[Round "5"]
[White "Ferreira, Ivanilson Silva"]
[Black "Rocha, Vitor Firmo de Souz"]
[Result "0-1"]
[WhiteElo "1856"]
[BlackElo "2186"]
[PlyCount "126"]
[EventDate "2017.04.20"]
[EventType "swiss"]
[EventRounds "6"]
[EventCountry "BRA"]
[SourceTitle "EXT 2018"]
[Source "ChessBase"]
[SourceDate "2017.10.13"]
[SourceVersion "1"]
[SourceVersionDate "2017.10.13"]
[SourceQuality "1"]

1. d4 d5 2. c4 e6 3. Nf3 c6 4. cxd5 exd5 5. Qc2 Bd6 6. Nc3 Ne7 7. Bg5 f6 8. Bd2 Bf5 9. Qb3 Qb6 10. Qxb6 axb6 11. a3 b5 12. Na2 0-0 13. e3 Na6 14. Rc1 Nc8 15. Ba5 Re8 16. Be2 Bf8 17. 0-0 Nd6 18. Nb4 Nc4 19. Nxa6 Rxa6 20. Bc3 Nb6 21. Nh4 Bd7 22. Bd3 Na4 23. Rfe1 Nxc3 24. Rxc3 b4 25. Rb3 b5 26. axb4 Ra4 27. Rc1 g6 28. Ra3 Rxb4 29. Ra2 Rc8 30. g3 Bh3 31. Ng2 Bh6 32. Rc2 Bg4 33. Rc1 Rxd4 34. Bxb5 Rd1+ 35. Rxd1 Bxd1 36. Ra1 Bf3 37. Bd3 c5 38. Ne1 Bg4 39. b3 Bh3 40. Ra4 Bg7 41. Rh4 Bd7 42. f4 Rb8 43. Bc2 f5 44. Kf2 Bf6 45. Rh3 h5 46. Ke2 c4 47. bxc4 dxc4 48. Nf3 Rb2 49. Kd1 c3 50. Nd4 Kg7 51. g4 hxg4 52. Rg3 Rb4 53. Ne2 Bc6 54. e4 Bxe4 55. Bxe4 Rxe4 56. Nxc3 Bxc3 57. Rxc3 Rxf4 58. Ke2 Rf3 59. Rxf3 gxf3+ 60. Kxf3 g5 61. h3 Kg6 62. Kg2 Kh5 63. Kf3 Kh4 0-1

[Event "Recife Arraes Memorial 9th"]
[Site "Recife"]
[Date "2016.10.22"]
[Round "3.18"]
[White "Ferreira, Ivanilson Silva"]
[Black "Goes Filho, Fernando Antonio B"]
[Result "0-1"]
[WhiteElo "1892"]
[BlackElo "1666"]
[PlyCount "119"]
[EventDate "2016.10.21"]
[EventType "swiss"]
[EventRounds "6"]
[EventCountry "BRA"]
[SourceTitle "EXT 2022"]
[Source "ChessBase"]
[SourceDate "2021.10.06"]
[SourceVersion "1"]
[SourceVersionDate "2021.10.06"]
[SourceQuality "1"]

1. e4 c5 2. Nf3 g6 3. d4 Bg7 4. c3 cxd4 5. cxd4 Nc6 6. Be3 Nf6 7. Nc3 0-0 8. Bc4 Ng4 9. Bc1 d6 10. 0-0 Na5 11. Be2 Be6 12. Ng5 Nf6 13. d5 Bd7 14. b4 h6 15. Nf3 Rc8 16. Bd2 Nc4 17. Rc1 Nxd2 18. Qxd2 Qb6 19. a3 Rc7 20. Bd3 Rfc8 21. Ne2 Ng4 22. Rxc7 Rxc7 23. h3 Nf6 24. Kh1 Bb5 25. Nfd4 Nxe4 26. Bxe4 Bxd4 27. Rb1 Bxe2 28. Qxe2 Bxf2 29. Rf1 f5 30. Bxf5 gxf5 31. Rxf2 Qd4 32. Qe6+ Kg7 33. Qxf5 Rc1+ 34. Kh2 Qe5+ 35. Qxe5+ dxe5 36. Rd2 Rc3 37. d6 exd6 38. Rxd6 Rxa3 39. Rd7+ Kf6 40. Rxb7 e4 41. Kg1 Ra2 42. g3 Ke5 43. Rh7 Ra6 44. b5 Rb6 45. Rxa7 Rxb5 46. Ra2 Kd4 47. Kf2 Rb3 48. Rd2+ Rd3 49. Re2 Rf3+ 50. Kg2 Rc3 51. Kf2 Rf3+ 52. Kg2 Rf6 53. Rf2 Rxf2+ 54. Kxf2 Kd3 55. Ke1 Ke3 56. h4 Kf3 57. h5 Kxg3 58. Ke2 Kg4 59. Ke3 Kxh5 60. Kf4 0-1

[Event "Recife Asfora Memorial"]
[Site "Recife"]
[Date "2016.08.06"]
[Round "3"]
[White "Fernandes, Pedro Guilherme Mun"]
[Black "Ferreira, Ivanilson Silva"]
[Result "1/2-1/2"]
[WhiteElo "1531"]
[BlackElo "1916"]
[PlyCount "33"]
[EventDate "2016.08.05"]
[EventType "swiss"]
[EventRounds "6"]
[EventCountry "BRA"]
[SourceTitle "EXT 2022"]
[Source "ChessBase"]
[SourceDate "2021.10.06"]
[SourceVersion "1"]
[SourceVersionDate "2021.10.06"]
[SourceQuality "1"]

1. e4 c5 2. Nf3 Nc6 3. d4 cxd4 4. Nxd4 e5 5. Nb5 d6 6. N1c3 a6 7. Na3 Nf6 8. Bd3 Be7 9. 0-0 h6 10. Nd5 Be6 11. c4 0-0 12. f4 Bxd5 13. exd5 Qb6+ 14. Kh1 Nb8 15. fxe5 dxe5 16. Qe2 Nbd7 17. Bf5 1/2-1/2